| 000 | 00510nmm a2200169Ia 4500 | ||
|---|---|---|---|
| 008 | 251105s9999||||xx |||||||||||||||||und|| | ||
| 020 | _a9788481098884 | ||
| 041 | _aspa | ||
| 100 | _aDomoslawski, Artur | ||
| 245 | 0 | _aKapuscinski non-fiction : El hombre, el reportero y su época | |
| 264 |
_a[Madrid, España] : _bGalaxia Gutenberg, _c2010 |
||
| 300 | _a628 páginas | ||
| 490 | _aBiografías y Memorias | ||
| 650 | _aBiography | ||
| 856 | _uhttps://public.digitaliapublishing.com/a/28753 | ||
| 942 | _cCF | ||
| 999 |
_c85805 _d85805 |
||